000 00671nam a2200265 i 4500
001 C2-0008072
003 PPAK
005 20190630221850.0
008 970127s1983 njua|||| ||||| | eng d
020 _a0132242958
040 _aPPAK
_beng
_cPPAK
_erda
082 0 4 _a330
_223
090 0 0 _a330
_bAND
_dG
100 1 _aAnderson, W.H. Locke,
_eauthor
245 1 0 _aEconomics
264 1 _aNew Jersey :
_bPrentice Hall ,
_c1983
300 _a872 pages :
_billustrations ;
_c25 cm
336 _2rdacontent
_atext
337 _2rdamedia
_aunmediated
338 _2rdacarrier
_avolume
650 1 0 _aEconomics
700 _eauthor
700 _eauthor
942 _ddc
_cB
999 _c2155
_d2155